000 00534nam a2200133Ia 4500
005 20260209120134.0
008 260209s9999||||xx |||||||||||||| ||und||
100 _aPrachi Patel
245 4 _aThe future of plant genetic resources in India : a study of negotiations under multilateral system of access benefit sharing
260 _aBangaloreBangalore
_bNLSIU
_c2014
300 _a136 p. ; 25 cm.
700 _aProf. (Dr.) T Ramakrishna - GuideProf. (Dr.) T Ramakrishna - Guide
856 _uhttps://dans.nls.ac.in/handle/123456789/1730
999 _c217171
_d217171